| 000 | 004290000a22001690004500 | ||
|---|---|---|---|
| 003 | MACL | ||
| 005 | 20151222145250.0 | ||
| 008 | 151222b xxu||||| |||| 00| 0 eng d | ||
| 040 |
_aMACL _cMACL |
||
| 041 | _aEnglish | ||
| 082 | _a954/MEH | ||
| 100 |
_aNath, Aman _921984 |
||
| 245 |
_aDome Over India _bRashtrapati Bhavan |
||
| 260 |
_bIndia Book House _c2002 _aNew Delhi |
||
| 650 |
_aHistory _921985 |
||
| 942 |
_cBK _k954/MEH _2ddc |
||
| 999 |
_c39810 _d39810 |
||